Internet marketing
保存先:
| 第一著者: | |
|---|---|
| フォーマット: | 図書 |
| 言語: | Undetermined |
| 出版事項: |
Boston
McGraw-Hill
2004
|
| タグ: |
タグ追加
タグなし, このレコードへの初めてのタグを付けませんか!
|
| Thư viện lưu trữ: | Trung tâm Học liệu Trường Đại học Cần Thơ |
|---|
| LEADER | 00348nam a2200133Ia 4500 | ||
|---|---|---|---|
| 001 | CTU_65883 | ||
| 008 | 210402s9999 xx 000 0 und d | ||
| 020 | |b 1865000 | ||
| 100 | |a Rafi A. Mohammed | ||
| 245 | 0 | |a Internet marketing | |
| 260 | |a Boston | ||
| 260 | |b McGraw-Hill | ||
| 260 | |c 2004 | ||
| 980 | |a Trung tâm Học liệu Trường Đại học Cần Thơ | ||